LEADER 00756nam a22002053a 4500 001 991003737589707536 008 080620s 000 0 eng d 020 $a0713162694 035 $ab13744136-39ule_inst 040 $aDip.to Lingue$bita 100 1 $aFitzpatrick, Peter$0464625 245 10$aAfter "The doll" :$bAustralian Drama since 1955 /$cPeter Fitzpatrick 260 $aLondon :$bEdward Arnold,$c1979 300 $a200 p. ;$c22 cm 907 $a.b13744136$b28-01-14$c20-06-08 912 $a991003737589707536 945 $aLE012 Fondo Commonwealth 3-3-04$g1$i2012000302143$lle012$o-$pE0.00$q-$rn$so $t0$u0$v0$w0$x0$y.i14780288$z20-06-08 996 $aAfter 'the doll$91185057 997 $aUNISALENTO 998 $ale012$b20-06-08$cm$da $e-$feng$genk$h0$i0